[Event "M.Chigorin Memorial 2013"]
[Site "St. Petersburg"]
[Date "2013.10.08"]
[Round "4.82"]
[White "Rjanova, Valery"]
[Black "Skvortsov, Sergey"]
[Result "1-0"]
[WhiteElo "2192"]
[BlackElo "1980"]
[PlyCount "51"]
[EventDate "2013.10.05"]

1. e4 c6 2. d4 d5 3. Nd2 dxe4 4. Nxe4 Bf5 5. Ng3 Bg6 6. N1e2 Nf6 7. Nf4 e6 8.
h4 Nbd7 9. h5 Bf5 10. Nxf5 exf5 11. Bd3 Be7 12. c3 Ne4 13. Qc2 O-O 14. Bxe4
fxe4 15. Qxe4 Re8 16. Be3 Bd6 17. Qf5 Qc7 18. O-O-O b5 19. g4 c5 20. Nd5 Qc6
21. h6 Re6 22. hxg7 Rg6 23. dxc5 Nxc5 24. Nf6+ Kxg7 25. Rxh7+ Kf8 26. Bxc5 1-0

[Event "M.Chigorin Memorial 2013"]
[Site "St. Petersburg"]
[Date "2013.10.08"]
[Round "4.83"]
[White "Solak, Rade"]
[Black "Tugarin, Anton"]
[Result "1-0"]
[WhiteElo "1977"]
[BlackElo "2188"]
[PlyCount "65"]
[EventDate "2013.10.05"]

1. e4 e6 2. d4 d5 3. e5 c5 4. Nf3 Nc6 5. Bd3 cxd4 6. O-O Nge7 7. a3 Ng6 8. Re1
a5 9. Nbd2 Qc7 10. Qe2 Be7 11. Nf1 Bd7 12. Ng3 f6 13. exf6 gxf6 14. c4 dxc3 15.
bxc3 Kf7 16. c4 d4 17. Rb1 Bc5 18. Rb5 b6 19. Bh6 Nd8 20. Ng5+ fxg5 21. Qf3+
Nf4 22. Bxg5 e5 23. Bxf4 exf4 24. Qh5+ Kf8 25. Qh6+ Kg8 26. Qg5+ Kf8 27. Qh6+
Kg8 28. Qg5+ Kf8 29. Qh6+ Kg8 30. Nh5 Bc6 31. Nf6+ Kf7 32. Nxh7 Ra7 33. Qg6#
1-0

[Event "M.Chigorin Memorial 2013"]
[Site "St. Petersburg"]
[Date "2013.10.08"]
[Round "4.84"]
[White "Alieva, Alexandra"]
[Black "Pranizin, Gennady"]
[Result "0-1"]
[WhiteElo "1940"]
[BlackElo "2187"]
[PlyCount "40"]
[EventDate "2013.10.05"]

1. e4 e5 2. Nf3 Nc6 3. Bb5 Nf6 4. d3 Bd6 5. c3 O-O 6. O-O Re8 7. Nbd2 Bf8 8.
Re1 a6 9. Ba4 g6 10. d4 b5 11. dxe5 Nxe5 12. Nxe5 Rxe5 13. Nf3 Rxe4 14. Rxe4
Nxe4 15. Qd5 Bb7 16. Qxb7 c6 17. Bb3 Rb8 18. Qxa6 Nc5 19. Bxf7+ Kxf7 20. Qa3
Ra8 0-1

[Event "M.Chigorin Memorial 2013"]
[Site "St. Petersburg"]
[Date "2013.10.08"]
[Round "4.86"]
[White "Sedykh, Egor"]
[Black "Emdin, Mark"]
[Result "1/2-1/2"]
[WhiteElo "1899"]
[BlackElo "2177"]
[PlyCount "84"]
[EventDate "2013.10.05"]

1. d4 d5 2. c4 c6 3. cxd5 cxd5 4. Nc3 Nf6 5. Bf4 Nc6 6. e3 a6 7. Rc1 Bf5 8. Nf3
e6 9. Qb3 Ra7 10. a3 Be7 11. Be2 O-O 12. O-O Nh5 13. Bg3 Nxg3 14. hxg3 Na5 15.
Qa2 b5 16. Ne5 f6 17. Nd3 Nc4 18. g4 Bg6 19. Nf4 Bf7 20. Nd3 Bd6 21. Nb4 Qd7
22. Nd3 Bb8 23. Nd1 Qd6 24. f4 e5 25. b3 exf4 26. Nxf4 Nb6 27. Rf3 g5 28. Nd3
Qh2+ 29. Kf2 Qh4+ 30. Kf1 Bg3 31. N3f2 Re7 32. Rc6 Nd7 33. Qc2 Bg6 34. Rc8 Be4
35. Rxf8+ Kxf8 36. Qc8+ Kg7 37. Qxa6 h5 38. gxh5 Bxf3 39. Bxf3 Rxe3 40. Qxb5
Re7 41. Qxd5 Bxf2 42. Nxf2 Qf4 1/2-1/2

[Event "M.Chigorin Memorial 2013"]
[Site "St. Petersburg"]
[Date "2013.10.08"]
[Round "4.87"]
[White "Drachev, Oleg"]
[Black "Yakovlev, Yuri S"]
[Result "1-0"]
[WhiteElo "2176"]
[BlackElo "1940"]
[PlyCount "57"]
[EventDate "2013.10.05"]

1. e4 c5 2. Nf3 e6 3. c3 d5 4. e5 d4 5. Bc4 Nc6 6. d3 Nge7 7. O-O Nf5 8. Re1
Be7 9. cxd4 cxd4 10. a4 Bd7 11. Na3 Na5 12. Ba2 g5 13. Nd2 h5 14. Ne4 Bc6 15.
b4 Bxb4 16. Bxg5 Qc7 17. Bf6 Rg8 18. Nb5 Qd7 19. Qxh5 Bxe4 20. dxe4 Ne7 21.
Bxe6 Qxe6 22. Nc7+ Kd7 23. Nxe6 fxe6 24. Red1 Nac6 25. Rab1 a5 26. Bxe7 Nxe7
27. Rxd4+ Kc7 28. Qf7 Kb8 29. Rdxb4 1-0

[Event "M.Chigorin Memorial 2013"]
[Site "St. Petersburg"]
[Date "2013.10.08"]
[Round "4.88"]
[White "Glazov, Anatoly"]
[Black "Kalinin, Nikita"]
[Result "0-1"]
[WhiteElo "1900"]
[BlackElo "2167"]
[PlyCount "76"]
[EventDate "2013.10.05"]

1. d4 Nf6 2. c4 c5 3. e3 g6 4. Nc3 Bg7 5. d5 e6 6. e4 exd5 7. exd5 O-O 8. Nf3
a6 9. Be3 d6 10. Bd3 Ng4 11. Bg5 Re8+ 12. Be2 Qa5 13. Bd2 Nd7 14. O-O Qc7 15.
Ng5 Nh6 16. g4 Nf8 17. Nge4 Nxg4 18. Bxg4 Bxg4 19. Qxg4 f5 20. Qh4 fxe4 21.
Rae1 Nd7 22. Nxe4 Ne5 23. Re3 Nxc4 24. Ng5 Bd4 25. Ne6 Qe7 26. Qxe7 Rxe7 27.
Rd3 Nxb2 28. Rb3 c4 29. Rb4 Bf6 30. Rb6 c3 31. Bc1 Na4 32. Rxd6 Be5 33. Rd8+
Rxd8 34. Nxd8 Rd7 35. Re1 Rxd5 36. Nxb7 c2 37. Bh6 Rd1 38. Kf1 Bc3 0-1

[Event "M.Chigorin Memorial 2013"]
[Site "St. Petersburg"]
[Date "2013.10.08"]
[Round "4.89"]
[White "Kunin, Pavel"]
[Black "Semenova, Elena"]
[Result "0-1"]
[WhiteElo "1880"]
[BlackElo "2163"]
[PlyCount "106"]
[EventDate "2013.10.05"]

1. d4 f5 2. g4 fxg4 3. h3 g3 4. fxg3 Nf6 5. Bg5 d5 6. Bxf6 exf6 7. Qd3 Nc6 8.
a3 Bd6 9. Nc3 Ne7 10. e4 dxe4 11. Nxe4 O-O 12. O-O-O Bf5 13. Qb3+ Kh8 14. Nxd6
Qxd6 15. Bg2 c6 16. Ne2 Nd5 17. Bxd5 cxd5 18. Nc3 Rac8 19. g4 Bg6 20. Rd2 Rc4
21. Qxb7 Rfc8 22. Rhh2 Qg3 23. Rhg2 Qf3 24. Kb1 R4c7 25. Qb5 Qxh3 26. Ka2 Rxc3
27. bxc3 Qxc3 28. Qb3 Qc7 29. Rge2 Rb8 30. Qe3 Qc4+ 31. Ka1 a5 32. Rd1 h6 33.
Qg3 Rb7 34. Red2 a4 35. Rb1 Rc7 36. Rb4 Qc6 37. Rb2 Re7 38. Qb8+ Kh7 39. Qb5
Qc3 40. Qb4 Re1+ 41. Ka2 Qc6 42. Qb5 Qc3 43. Qb4 Qc6 44. Qc5 Qe6 45. Rb8 Qe3
46. Qf8 Bf7 47. Qb4 Qg1 48. Qb2 Qxg4 49. Qb4 Qg1 50. Qc3 Bg6 51. Qb2 Be4 52.
Ra8 Qe3 53. c3 Bb1+ 0-1

[Event "M.Chigorin Memorial 2013"]
[Site "St. Petersburg"]
[Date "2013.10.08"]
[Round "4.90"]
[White "Aminov, Andrey"]
[Black "Gantsevich, Aleksei"]
[Result "1-0"]
[WhiteElo "2163"]
[BlackElo "1922"]
[PlyCount "91"]
[EventDate "2013.10.05"]

1. Nf3 Nf6 2. d4 g6 3. c4 Bg7 4. Nc3 O-O 5. e4 d6 6. Be2 e5 7. O-O Nc6 8. d5
Ne7 9. b4 a5 10. bxa5 Rxa5 11. a4 Nh5 12. Re1 Nf4 13. Bf1 f5 14. Bd2 Ra8 15. g3
Nh5 16. Ng5 f4 17. Ne6 Bxe6 18. dxe6 Bh6 19. f3 Bg5 20. Kg2 Nc6 21. g4 Ng7 22.
Qb3 Nd4 23. Qa2 Kh8 24. Reb1 b6 25. Nd5 Ngxe6 26. a5 bxa5 27. Bxa5 Qd7 28. Qb2
Nxf3 29. Kxf3 Nd4+ 30. Kg2 Qxg4+ 31. Kh1 f3 32. Qf2 Qxe4 33. Bc3 Rxa1 34. Rxa1
Nc2 35. Rd1 Ne3 36. Re1 Qg4 37. Nxe3 Bxe3 38. Rxe3 Qf4 39. Re1 g5 40. Bd3 g4
41. Be4 h5 42. Qh4 Rf6 43. Bd2 Qxd2 44. Qxf6+ Kg8 45. Rg1 Qe3 46. Bxf3 1-0

[Event "M.Chigorin Memorial 2013"]
[Site "St. Petersburg"]
[Date "2013.10.08"]
[Round "4.91"]
[White "Tkachev, Ivan"]
[Black "Gadzhiev, Farid"]
[Result "1-0"]
[WhiteElo "2156"]
[BlackElo "1887"]
[PlyCount "69"]
[EventDate "2013.10.05"]

1. d4 Nf6 2. Nf3 g6 3. Nbd2 c5 4. e3 Bg7 5. Be2 Nc6 6. c4 d5 7. dxc5 Qa5 8.
cxd5 Nxd5 9. O-O Qxc5 10. Nb3 Qd6 11. e4 Nf4 12. Bb5 Qc7 13. Qc2 O-O 14. Be3
Bg4 15. Nfd4 Be5 16. Bxc6 bxc6 17. f3 Bd7 18. Rfd1 g5 19. Nc5 Bc8 20. g3 Nh3+
21. Kg2 h5 22. Nf5 h4 23. Kxh3 hxg3 24. Rg1 Bxf5+ 25. exf5 Kg7 26. hxg3 Rh8+
27. Kg2 Bxg3 28. Rh1 Bh2 29. Ne4 Rh4 30. Bf2 Rah8 31. Bxh4 Rxh4 32. Qf2 Qf4 33.
Ng3 g4 34. Rxh2 gxf3+ 35. Kh1 1-0

[Event "M.Chigorin Memorial 2013"]
[Site "St. Petersburg"]
[Date "2013.10.08"]
[Round "4.93"]
[White "Khatenever, Feliks"]
[Black "Pyatin, Alexander"]
[Result "0-1"]
[WhiteElo "1837"]
[BlackElo "2146"]
[PlyCount "70"]
[EventDate "2013.10.05"]

1. d4 e6 2. e4 c5 3. Nf3 cxd4 4. Nxd4 a6 5. Nc3 Ne7 6. Be2 Nbc6 7. Nf3 b5 8. a3
Ng6 9. O-O Be7 10. h3 O-O 11. Nh2 Bb7 12. f4 d6 13. b3 Qc7 14. Bb2 Na5 15. b4
Nc4 16. Bxc4 Qxc4 17. Qd3 Rac8 18. Qxc4 Rxc4 19. f5 Ne5 20. fxe6 fxe6 21. Rxf8+
Kxf8 22. Rf1+ Bf6 23. Rf2 Ke7 24. Nd1 Rxe4 25. Nf1 Re1 26. Rd2 Bg5 27. Rd4 Re2
28. Nde3 Bxe3+ 29. Nxe3 Rxe3 30. Rh4 h6 31. Kf2 Re4 32. Rh5 Kf6 33. g4 Kg6 34.
Bc1 Rxg4 35. Rxe5 Rg2+ 0-1

[Event "M.Chigorin Memorial 2013"]
[Site "St. Petersburg"]
[Date "2013.10.08"]
[Round "4.94"]
[White "Kostrikina, Anna"]
[Black "Golubeva, Maria"]
[Result "1-0"]
[WhiteElo "2140"]
[BlackElo "1864"]
[PlyCount "113"]
[EventDate "2013.10.05"]

1. e4 e6 2. d4 d5 3. Nd2 Nf6 4. e5 Nfd7 5. Bd3 c5 6. c3 Nc6 7. Ne2 cxd4 8. cxd4
f6 9. exf6 Nxf6 10. O-O Bd6 11. Nf3 Qc7 12. g3 O-O 13. Bf4 Bd7 14. Rc1 Ne4 15.
Ne5 Bxe5 16. Bxe5 Qb6 17. Bxe4 dxe4 18. Bd6 Rf3 19. Qd2 Rd3 20. Qf4 Nxd4 21.
Nxd4 Qxd4 22. Be5 Qb4 23. a3 Qf8 24. Qxe4 Rd5 25. Rc7 b6 26. Re1 Qf5 27. Qxf5
exf5 28. Bxg7 Re8 29. Rxe8+ Bxe8 30. Bc3 Rd7 31. Rc8 Kf7 32. Kg2 Re7 33. Bb4
Rb7 34. Kf3 a5 35. Bc3 a4 36. Kf4 Re7 37. Rb8 Re2 38. Rb7+ Re7 39. Rxb6 Bd7 40.
Rf6+ Ke8 41. Bb4 Re4+ 42. Kg5 Kd8 43. Rh6 Re2 44. f4 Rxb2 45. Ba5+ Kc8 46. Rxh7
Rb3 47. Bb4 Kc7 48. Be7 Re3 49. Rg7 Kc6 50. Kh6 Re6+ 51. Kh7 Kd5 52. h4 Be8 53.
Bb4 Ke4 54. Rg5 Kf3 55. h5 Rf6 56. h6 Rb6 57. Kg7 1-0

[Event "M.Chigorin Memorial 2013"]
[Site "St. Petersburg"]
[Date "2013.10.08"]
[Round "4.95"]
[White "Yudkevich, Mikhail"]
[Black "Orel, Danil"]
[Result "1-0"]
[WhiteElo "2121"]
[BlackElo "1831"]
[PlyCount "109"]
[EventDate "2013.10.05"]

1. d4 Nf6 2. c4 c5 3. d5 e5 4. Nc3 d6 5. e4 Be7 6. Nf3 O-O 7. g3 Nbd7 8. Bg2 h6
9. Qe2 Nb6 10. O-O Nh7 11. Ne1 f5 12. f4 Bf6 13. fxe5 Bxe5 14. Bd2 Bd4+ 15. Kh1
fxe4 16. Rxf8+ Qxf8 17. Nc2 Qf2 18. Qxf2 Bxf2 19. Nxe4 Bg4 20. Bc3 Bf5 21. Rf1
Bxe4 22. Bxe4 Bd4 23. Nxd4 cxd4 24. Bxd4 Ng5 25. Bg2 Rf8 26. Rxf8+ Kxf8 27. b3
Kf7 28. a4 Nh7 29. a5 Nc8 30. Bh3 Ne7 31. Bxa7 Nf6 32. Bb8 Nfxd5 33. Bxd6 Ke8
34. Bg2 Kd7 35. Bxe7 Nxe7 36. Bxb7 Kc7 37. Be4 Nc8 38. b4 Nd6 39. Bd3 Kc6 40.
Kg2 g5 41. Kf3 Nf7 42. b5+ Kb7 43. Be4+ Ka7 44. Kg4 Ne5+ 45. Kf5 Nxc4 46. Kg6
Nxa5 47. Kxh6 g4 48. Kg5 Kb6 49. Bc6 Nxc6 50. bxc6 Kxc6 51. Kxg4 Kd6 52. Kf5
Ke7 53. Kg6 Kf8 54. Kh7 Kf7 55. g4 1-0

[Event "M.Chigorin Memorial 2013"]
[Site "St. Petersburg"]
[Date "2013.10.08"]
[Round "4.96"]
[White "Skafar, Darya"]
[Black "Androsov, Sergey"]
[Result "0-1"]
[WhiteElo "1828"]
[BlackElo "2114"]
[PlyCount "158"]
[EventDate "2013.10.05"]

1. e4 e5 2. Nf3 Nc6 3. Bb5 Nge7 4. c3 g6 5. O-O Bg7 6. d4 exd4 7. cxd4 a6 8.
Ba4 O-O 9. d5 Na5 10. Nc3 d6 11. h3 b5 12. Bc2 Bb7 13. a4 b4 14. Ne2 c5 15.
dxc6 Nexc6 16. Nf4 Ne5 17. Nd5 Bxd5 18. exd5 Rc8 19. Nxe5 dxe5 20. Bb3 Qd6 21.
Be3 Rfd8 22. Rc1 e4 23. Rxc8 Rxc8 24. Bc1 Qe5 25. Ba2 Bf8 26. Re1 Nb7 27. Qg4
Re8 28. Qf4 Bd6 29. Qxe5 Bxe5 30. Bc4 Nc5 31. b3 a5 32. Be3 Bd6 33. Bxc5 Bxc5
34. Kf1 Kf8 35. Re2 f5 36. g3 h5 37. h4 Re7 38. Bb5 Kg7 39. Kg2 Kf6 40. Rc2 Rc7
41. Bc6 Bd6 42. Rd2 g5 43. hxg5+ Kxg5 44. Re2 h4 45. gxh4+ Kf4 46. h5 Rg7+ 47.
Kf1 Rg4 48. Re3 Rh4 49. Rg3 Rxh5 50. Rg6 Kf3 51. Be8 Rh8 52. Bd7 Rh1+ 53. Rg1
Rh2 54. Bxf5 Rxf2+ 55. Ke1 Rb2 56. Bg4+ Ke3 57. Bd1 Be5 58. Rh1 Kd4 59. Rg1
Kxd5 60. Rg8 e3 61. Rd8+ Ke4 62. Re8 Rh2 63. Be2 Rh3 64. Re7 Kd4 65. Kd1 Bd6
66. Rd7 Rh1+ 67. Kc2 Rh2 68. Kd1 Kc3 69. Bc4 Rd2+ 70. Kc1 e2 71. Bxe2 Rxe2 72.
Rxd6 Re1+ 73. Rd1 Rxd1+ 74. Kxd1 Kxb3 75. Kc1 Kxa4 76. Kb2 b3 77. Kb1 Ka3 78.
Ka1 b2+ 79. Kb1 a4 0-1

[Event "M.Chigorin Memorial 2013"]
[Site "St. Petersburg"]
[Date "2013.10.08"]
[Round "4.97"]
[White "Grachev, Andrey"]
[Black "Blank, David"]
[Result "1-0"]
[WhiteElo "2110"]
[BlackElo "1818"]
[PlyCount "65"]
[EventDate "2013.10.05"]

1. e4 e5 2. Nf3 Nf6 3. Nxe5 d6 4. Nf3 Nxe4 5. Nc3 Nf6 6. d4 Be7 7. Bd3 O-O 8.
h3 Re8 9. O-O d5 10. Re1 h6 11. Bf4 Bd6 12. Rxe8+ Nxe8 13. Nxd5 Be6 14. Bxd6
Bxd5 15. Bg3 Nc6 16. c3 Qf6 17. Ne1 Nd6 18. Bxd6 Qxd6 19. c4 Be6 20. d5 Ne5 21.
dxe6 Qxe6 22. b3 Rd8 23. Bh7+ Kxh7 24. Qxd8 c6 25. Qd4 Qf6 26. Rc1 b6 27. Qe4+
g6 28. Rd1 c5 29. Nf3 Nxf3+ 30. Qxf3 Qe7 31. Qe3 Qc7 32. Qe8 Kg7 33. Rd5 1-0

[Event "M.Chigorin Memorial 2013"]
[Site "St. Petersburg"]
[Date "2013.10.08"]
[Round "4.98"]
[White "Shilnikov, Igor S"]
[Black "Belov, Nikita"]
[Result "0-1"]
[WhiteElo "1818"]
[BlackElo "2108"]
[PlyCount "74"]
[EventDate "2013.10.05"]

1. d4 Nf6 2. Nf3 g6 3. c4 Bg7 4. Nc3 d5 5. h3 O-O 6. e3 c5 7. Be2 Nc6 8. O-O
cxd4 9. exd4 b6 10. Bf4 Bb7 11. Rc1 dxc4 12. Qd2 Rc8 13. Rfd1 Nb4 14. Ne5 Nfd5
15. Nxd5 Nxd5 16. Bf3 e6 17. Nxc4 Ba6 18. Bxd5 Qxd5 19. Ne3 Qe4 20. Ng4 Rxc1
21. Rxc1 Bb7 22. f3 Qxd4+ 23. Qxd4 Bxd4+ 24. Kh2 h5 25. Ne5 g5 26. Rc7 gxf4 27.
Nd7 Rc8 28. Rxb7 Rc1 29. h4 Kg7 30. g3 Rc2+ 31. Kh3 Rxb2 32. Rxa7 Rf2 33. Ra4
Rd2 34. gxf4 b5 35. Ra5 Be3 36. Rxb5 Bxf4 37. Rxh5 f5 0-1

[Event "M.Chigorin Memorial 2013"]
[Site "St. Petersburg"]
[Date "2013.10.08"]
[Round "4.99"]
[White "Stroganov, Anatoly"]
[Black "Korchagina, Viktoria"]
[Result "0-1"]
[WhiteElo "1781"]
[BlackElo "2079"]
[PlyCount "92"]
[EventDate "2013.10.05"]

1. d4 Nf6 2. Nf3 g6 3. Nbd2 d5 4. Ne5 Bg7 5. e3 O-O 6. Be2 c5 7. dxc5 Qc7 8.
Nd3 Nbd7 9. Nb3 Ne4 10. f3 Nexc5 11. Ndxc5 Nxc5 12. Qxd5 Nxb3 13. Qxb3 Be6 14.
Qa4 Rfc8 15. Bd3 b5 16. Qh4 Bf6 17. Qf2 Be5 18. f4 Bc3+ 19. Kf1 Bg7 20. h3 Bc4
21. Kg1 e5 22. Kh2 Bxd3 23. cxd3 exf4 24. exf4 Qc2 25. Qxc2 Rxc2 26. Rb1 Re8
27. Kg3 Ree2 28. Rh2 Re1 29. Kf3 Rcxc1 30. Rxc1 Rxc1 31. g4 Re1 32. Rc2 Bd4 33.
Rc8+ Kg7 34. Rb8 Bb6 35. d4 Rd1 36. Ke3 Bxd4+ 37. Ke2 Rb1 38. Kd3 Bb6 39. Kc3
Rf1 40. Kb4 Rxf4+ 41. Kxb5 Rf2 42. b4 Rxa2 43. Rxb6 axb6 44. Kxb6 f5 45. gxf5
gxf5 46. Kc5 f4 0-1

[Event "M.Chigorin Memorial 2013"]
[Site "St. Petersburg"]
[Date "2013.10.08"]
[Round "4.100"]
[White "Zherebtsova, Alexandra"]
[Black "Stepanov, Andrey"]
[Result "1-0"]
[WhiteElo "2078"]
[BlackElo "1731"]
[PlyCount "51"]
[EventDate "2013.10.05"]

1. f4 b6 2. e4 Bb7 3. Nc3 e6 4. d4 Nf6 5. e5 Nd5 6. Nxd5 Bxd5 7. Nf3 Be7 8. Be2
d6 9. O-O c5 10. Be3 cxd4 11. Bxd4 Nc6 12. exd6 Bxd6 13. Bxg7 Rg8 14. Bh6 Rg6
15. Bg5 f6 16. Bh4 Bxf4 17. Bd3 Rg4 18. h3 Be3+ 19. Kh1 Rg7 20. c4 Bxf3 21.
Qxf3 Ne5 22. Qh5+ Rf7 23. Be4 Bg5 24. Bxg5 fxg5 25. Rxf7 Nxf7 26. Rf1 1-0

[Event "M.Chigorin Memorial 2013"]
[Site "St. Petersburg"]
[Date "2013.10.08"]
[Round "4.101"]
[White "Tarakanova, Valeria"]
[Black "Zhilchikov, Nikolai"]
[Result "0-1"]
[WhiteElo "1775"]
[BlackElo "2074"]
[PlyCount "50"]
[EventDate "2013.10.05"]

1. e4 c5 2. Nf3 d6 3. d4 cxd4 4. Nxd4 Nf6 5. Nc3 e6 6. Be3 Be7 7. g4 Nc6 8. g5
Nd7 9. h4 Nb6 10. Qe2 Ne5 11. O-O-O a6 12. Bh3 Nec4 13. f4 Nxe3 14. Qxe3 O-O
15. h5 e5 16. Nde2 exf4 17. Nxf4 Bxg5 18. Bxc8 Rxc8 19. Rhg1 Nc4 20. Qg3 h6 21.
Kb1 Qb6 22. Nd3 Na3+ 23. Ka1 Nxc2+ 24. Kb1 Rxc3 25. Nf4 Rxg3 0-1

[Event "M.Chigorin Memorial 2013"]
[Site "St. Petersburg"]
[Date "2013.10.08"]
[Round "4.102"]
[White "Scheglov, Dmitry"]
[Black "Kartsev, Evgeni"]
[Result "1-0"]
[WhiteElo "1770"]
[BlackElo "2067"]
[PlyCount "79"]
[EventDate "2013.10.05"]

1. e4 d6 2. d4 g6 3. Nc3 Bg7 4. Be3 Nf6 5. Be2 a6 6. a4 h5 7. h3 b6 8. f4 h4 9.
Bf3 Nh5 10. Bxh5 Rxh5 11. Nf3 e6 12. O-O Bb7 13. Qe2 Nd7 14. Rae1 Qe7 15. Nd2
O-O-O 16. Nb3 Rhh8 17. Bf2 Bh6 18. Qg4 Rdg8 19. a5 f5 20. Qe2 b5 21. d5 exd5
22. Bd4 dxe4 23. Bxh8 Rxh8 24. Nd4 c5 25. Ndxb5 axb5 26. Qxb5 Kc7 27. a6 Bc6
28. Qa5+ Nb6 29. b4 Bg7 30. Na2 Bd4+ 31. Kh1 e3 32. Re2 cxb4 33. Nxb4 Ba8 34.
Rb1 Qe4 35. a7 Bc5 36. Na6+ Kd7 37. Nxc5+ dxc5 38. Qxb6 Rc8 39. Rd1+ Bd5 40.
Qb7+ 1-0

[Event "M.Chigorin Memorial 2013"]
[Site "St. Petersburg"]
[Date "2013.10.08"]
[Round "4.103"]
[White "Elizarova, Taisia"]
[Black "Aseev, Vladimir"]
[Result "0-1"]
[WhiteElo "1715"]
[BlackElo "2064"]
[PlyCount "70"]
[EventDate "2013.10.05"]

1. d4 Nf6 2. Nf3 g6 3. c4 Bg7 4. Nc3 O-O 5. e4 d6 6. Be2 Nbd7 7. O-O e5 8. dxe5
dxe5 9. Qc2 c6 10. Rd1 Qc7 11. h3 a5 12. Be3 Nh5 13. Ng5 Nf4 14. Bf1 h6 15. Nf3
b6 16. Ne2 Ne6 17. Qc1 Kh7 18. Nc3 a4 19. a3 Ndc5 20. Nd2 Nd4 21. Rb1 f5 22. f3
Be6 23. Ne2 Qf7 24. Qc3 Rfd8 25. Bf2 Rd7 26. Qb4 Rb8 27. Qc3 Rbd8 28. Nxd4 exd4
29. Qb4 Rb7 30. b3 Bf8 31. bxa4 fxe4 32. Bh4 g5 33. Bg3 e3 34. Nb3 Bf5 35. Rb2
Nd3 0-1

[Event "M.Chigorin Memorial 2013"]
[Site "St. Petersburg"]
[Date "2013.10.08"]
[Round "4.104"]
[White "Kazakov, Maksym"]
[Black "Sorokina, Svetlana"]
[Result "1/2-1/2"]
[WhiteElo "2062"]
[BlackElo "1716"]
[PlyCount "106"]
[EventDate "2013.10.05"]

1. Nf3 Nf6 2. d4 e6 3. c4 b6 4. g3 Bb7 5. Bg2 Bb4+ 6. Bd2 Bxd2+ 7. Nbxd2 c5 8.
O-O O-O 9. Qc2 Nc6 10. e3 cxd4 11. exd4 d5 12. cxd5 Nxd5 13. Nc4 Rc8 14. Qd2
Ncb4 15. Rfc1 Qe7 16. a3 Nc6 17. b4 b5 18. Nce5 Nb6 19. Rc5 f6 20. Nd3 a6 21.
Re1 Rcd8 22. Nf4 Rd6 23. Nxe6 Rxe6 24. Rxe6 Qxe6 25. d5 Nxd5 26. Rxd5 Re8 27.
Rd6 Qe4 28. Qa2+ Kh8 29. Rd1 Ne5 30. Nh4 Qg4 31. Re1 Bxg2 32. Kxg2 Qd7 33. Qe2
Rd8 34. Qh5 Qd5+ 35. Kg1 Qd2 36. Kf1 Qd3+ 37. Kg2 Qd5+ 38. Kg1 Qd2 39. Kf1 Qd3+
40. Kg2 Qd5+ 41. Kg1 g5 42. Qh6 Qf7 43. Rxe5 fxe5 44. Qxg5 Rd1+ 45. Kg2 Qg7 46.
Qh5 Rd8 47. Nf3 e4 48. Ng5 Rf8 49. Ne6 Qf7 50. Qxf7 Rxf7 51. Nc5 Rf3 52. Nxa6
Rxa3 53. Nc7 e3 1/2-1/2

[Event "M.Chigorin Memorial 2013"]
[Site "St. Petersburg"]
[Date "2013.10.08"]
[Round "4.106"]
[White "Sorokopudov, Vladimir M"]
[Black "Gantsevich, Aleksey A"]
[Result "1-0"]
[WhiteElo "2057"]
[BlackElo "1614"]
[PlyCount "63"]
[EventDate "2013.10.05"]

1. Nf3 Nf6 2. b3 g6 3. Bb2 Bg7 4. e4 d6 5. Be2 O-O 6. d3 e5 7. Nbd2 Nc6 8. h3
Nh5 9. g3 Be6 10. c4 f5 11. Nh4 Nf6 12. Nhf3 fxe4 13. dxe4 Qe7 14. a3 Nd7 15.
Qc2 Nd4 16. Nxd4 exd4 17. f4 Nc5 18. O-O-O c6 19. Nf3 b5 20. Nxd4 Bxd4 21. Bxd4
Rab8 22. b4 Na6 23. Bb2 Nc7 24. Qc3 Kf7 25. f5 Bd7 26. fxg6+ hxg6 27. Qd4 Ne6
28. Qxd6 Qg5+ 29. Kb1 Rbd8 30. Rhf1+ Ke8 31. Rxf8+ Nxf8 32. Bf6 1-0

[Event "M.Chigorin Memorial 2013"]
[Site "St. Petersburg"]
[Date "2013.10.08"]
[Round "4.109"]
[White "Bykova, Anastasia"]
[Black "Halikov, Bulat"]
[Result "1-0"]
[WhiteElo "2083"]
[BlackElo "1611"]
[PlyCount "71"]
[EventDate "2013.10.05"]

1. e4 e5 2. Nf3 Nc6 3. Nc3 Nf6 4. d4 exd4 5. Nxd4 d5 6. Bb5 Bd7 7. exd5 Nxd4 8.
Bxd7+ Qxd7 9. Qxd4 c5 10. Qe5+ Be7 11. Bf4 O-O 12. O-O Rad8 13. Rad1 Ng4 14.
Qe2 Rfe8 15. Qf3 Bf6 16. h3 Ne5 17. Bxe5 Rxe5 18. Ne4 Be7 19. c4 Bd6 20. Nxd6
Qxd6 21. Rde1 Rde8 22. Qg3 f6 23. b3 Qa6 24. Rxe5 Rxe5 25. a4 Qa5 26. Qd3 Qc7
27. d6 Qd7 28. Rd1 g6 29. f4 Re6 30. Qd5 b6 31. Qxe6+ Qxe6 32. d7 Qe3+ 33. Kh1
Qxf4 34. d8=Q+ Kg7 35. Qd7+ Kg8 36. Qe7 1-0

[Event "M.Chigorin Memorial 2013"]
[Site "St. Petersburg"]
[Date "2013.10.08"]
[Round "4.110"]
[White "Gudkina, Zhanna"]
[Black "Shagdurov, Denis"]
[Result "0-1"]
[WhiteElo "1846"]
[BlackElo "1967"]
[PlyCount "84"]
[EventDate "2013.10.05"]

1. e4 c6 2. d4 d5 3. Nc3 dxe4 4. Nxe4 Bf5 5. Ng3 Bg6 6. h4 h6 7. Nf3 e6 8. h5
Bh7 9. Bd3 Bxd3 10. Qxd3 Bb4+ 11. c3 Be7 12. Bf4 Nf6 13. O-O-O O-O 14. Ne4 Nxe4
15. Qxe4 Qd5 16. Qxd5 cxd5 17. g4 g5 18. Be3 Nd7 19. Rhf1 f5 20. Ne5 Nxe5 21.
dxe5 fxg4 22. Rg1 Rf3 23. Rxg4 b6 24. Ra4 Bc5 25. Bxc5 bxc5 26. Ra6 Re8 27. Rd2
Re7 28. c4 dxc4 29. Rc6 Rh3 30. Rc8+ Kf7 31. Rdd8 Rxh5 32. Rg8 Rb7 33. Rce8 Rb6
34. Rgf8+ Kg7 35. Rf6 Rb7 36. Rff8 Rh1+ 37. Kc2 Rf7 38. Rg8+ Kh7 39. Rh8+ Kg6
40. Rxe6+ Kg7 41. Ree8 Rxf2+ 42. Kc3 Rc1# 0-1

[Event "M.Chigorin Memorial 2013"]
[Site "St. Petersburg"]
[Date "2013.10.08"]
[Round "4.111"]
[White "Tskhadadze, Anna"]
[Black "Chernov, Maksim"]
[Result "1-0"]
[WhiteElo "1806"]
[BlackElo "1962"]
[PlyCount "105"]
[EventDate "2013.10.05"]

1. c4 e5 2. g3 Nf6 3. Bg2 d5 4. e3 c6 5. cxd5 Nxd5 6. a3 Be6 7. Ne2 Be7 8. O-O
O-O 9. d4 f6 10. Qc2 Qb6 11. Nbc3 Rd8 12. dxe5 fxe5 13. e4 Nf6 14. Be3 Qb3 15.
Qxb3 Bxb3 16. Bh3 Na6 17. f4 exf4 18. Nxf4 Bc5 19. Bxc5 Nxc5 20. e5 Ne8 21. Rf3
g5 22. Nh5 Bf7 23. Bg4 Bc4 24. Nf6+ Nxf6 25. exf6 h6 26. Re1 Re8 27. Rfe3 Rxe3
28. Rxe3 Rf8 29. b4 Na6 30. Be6+ Bxe6 31. Rxe6 Kf7 32. Re7+ Kxf6 33. Rxb7 Rf7
34. Ne4+ Ke6 35. Rxf7 Kxf7 36. Nd6+ Ke6 37. Nc8 c5 38. bxc5 Nxc5 39. Nxa7 Kf5
40. Nc6 h5 41. Kg2 Ke4 42. Nd8 g4 43. Nf7 Kd5 44. h3 Ke6 45. hxg4 hxg4 46. Nh6
Kd5 47. Nxg4 Ne4 48. Ne3+ Kd4 49. Nc2+ Ke5 50. Kf3 Nc5 51. Ke3 Kf5 52. Kd4 Na4
53. Ne3+ 1-0

[Event "M.Chigorin Memorial 2013"]
[Site "St. Petersburg"]
[Date "2013.10.08"]
[Round "4.112"]
[White "Fedoseeva, Valentina"]
[Black "Krasnikov, Mikhail"]
[Result "1-0"]
[WhiteElo "1950"]
[BlackElo "1846"]
[PlyCount "97"]
[EventDate "2013.10.05"]

1. e4 c5 2. Nf3 Nc6 3. Bb5 g6 4. Bxc6 bxc6 5. O-O d5 6. Re1 dxe4 7. Rxe4 Nf6 8.
Re1 Bg4 9. d3 Qd5 10. Nbd2 Bh6 11. Qe2 e6 12. Ne4 Nxe4 13. dxe4 Qh5 14. Bxh6
Qxh6 15. Qa6 O-O 16. Ne5 Qg5 17. Nxg4 Qxg4 18. Qxc6 Rfc8 19. Qd6 h5 20. Qe5 g5
21. f3 Qf4 22. Qxf4 gxf4 23. e5 Rab8 24. Rab1 Kg7 25. Re4 Rb4 26. Re2 Rd4 27.
Kf1 Kg6 28. Rbe1 Rcd8 29. g3 Kf5 30. Kf2 Rd2 31. h3 fxg3+ 32. Kxg3 R8d4 33. c3
h4+ 34. Kf2 Rd5 35. b3 Kf4 36. Rg1 R5d3 37. Rg4+ Kf5 38. Rc4 Rd5 39. Rxh4 Rxe2+
40. Kxe2 Rxe5+ 41. Kf2 Rd5 42. Rh5+ Kf4 43. Rxd5 exd5 44. b4 d4 45. bxc5 dxc3
46. Ke2 f5 47. c6 c2 48. Kd2 Kxf3 49. c7 1-0